| 000 | 01593nam a22002057a 4500 | ||
|---|---|---|---|
| 008 | 250512e20250506xxk|||||o|||| 00| 0 eng d | ||
| 041 | _aeng | ||
| 110 | _aRoyal Institution of Chartered Surveyors | ||
| 245 |
_aUK Residential Market Survey _bApril 2025 _h[Electronic resource] |
||
| 260 |
_aLondon, _bRoyal Institution of Chartered Surveyors, _cMay 2025 |
||
| 300 | _a16p | ||
| 490 | _aRICS UK Residential Market Survey | ||
| 520 | _aThe April 2025 RICS UK Residential Survey results point to a further weakening across the sales market, evidenced by measures of activity slipping deeper into negative territory over the month. Similarly, near-term expectations suggest this subdued trend will persist through spring, albeit sentiment regarding the twelve-month outlook appears somewhat more resilient at this stage. At the headline level, the new buyer enquiries indicator posted a net balance of -33% in April, signalling another setback following figures of -16% and -32% returned in February and March respectively. Moreover, most parts of the UK are now seeing a weaker buyer demand picture coming through as concerns over both the domestic and global economy continue to weigh on confidence. | ||
| 650 | _aHOUSING MARKET | ||
| 650 | _aRESIDENTIAL PROPERTY | ||
| 651 | _aUnited Kingdom | ||
| 710 | _aRoyal Institution of Chartered Surveyors | ||
| 856 |
_uhttps://www.rics.org/content/dam/ricsglobal/documents/market-surveys/uk-residential-market-survey/web-april-2025-rics-uk-residential-market-survey-tp.pdf _zAvailable on RICS.org |
||
| 942 | _n0 | ||
| 999 |
_c122158 _d122158 |
||